MARC details
| 000 -CABECERA |
| campo de control de longitud fija |
02772nam a2200421 a 4500 |
| 001 - NÚMERO DE CONTROL |
| campo de control |
000108526 |
| 003 - IDENTIFICADOR DEL NÚMERO DE CONTROL |
| campo de control |
CHAP |
| 005 - FECHA Y HORA DE LA ÚLTIMA TRANSACCIÓN |
| campo de control |
20250120135520.0 |
| 007 - CAMPO FIJO DE DESCRIPCIÓN FÍSICA--INFORMACIÓN GENERAL |
| campo de control de longitud fija |
cr ||||||a|c|a |
| 008 - DATOS DE LONGITUD FIJA--INFORMACIÓN GENERAL |
| campo de control de longitud fija |
140220s2012 mx sm |||||||spa d |
| 040 ## - FUENTE DE LA CATALOGACIÓN |
| Centro/agencia transcriptor |
CHAP |
| 090 ## - LOCALMENTE ASIGNADO TIPO-LC NÚMERO DE CLASIFICACIÓN (OCLC); NÚMERO DE CLASIFICACIÓN LOCAL (RLIN) |
| Número de clasificación (OCLC) (R) ; Numero de clasificación, CALL (RLIN) (NR) |
Tesis |
| 100 1# - ENTRADA PRINCIPAL--NOMBRE DE PERSONA |
| Nombre de persona |
Hermenegildo Macario, Beatriz |
| 9 (RLIN) |
125541 |
| 245 10 - MENCIÓN DE TÍTULO |
| Título |
Estudio de factibilidad técnico económico para el establecimiento de una industria atolera a base de trigo integral (Triticum aestivum) en Jilotepec, Estado de México |
| Mención de responsabilidad, etc. |
por Beatriz Hermenegildo Macario; director de tesis Patricia Pérez Herrera. |
| 264 #1 - PRODUCCIÓN, PUBLICACIÓN, DISTRIBUCIÓN, FABRICACIÓN Y COPYRIGHT |
| Producción, publicación, distribución, fabricación y copyright |
Chapingo, Méx. : |
| Nombre del de productor, editor, distribuidor, fabricante |
El autor, |
| Fecha de producción, publicación, distribución, fabricación o copyright |
2012. |
| 300 ## - DESCRIPCIÓN FÍSICA |
| Extensión |
1 recurso en línea (106 páginas): |
| Otras características físicas |
cuadros, figuras. |
| 336 ## - TIPO DE CONTENIDO |
| Fuente |
rdacontent |
| Término de tipo de contenido |
texto |
| Código de tipo de contenido |
txt |
| 337 ## - TIPO DE MEDIO |
| Fuente |
rdamedia |
| Nombre/término del tipo de medio |
computadora |
| Código del tipo de medio |
c |
| 338 ## - TIPO DE SOPORTE |
| Fuente |
rdacarrier |
| Nombre/término del tipo de soporte |
recursos en línea |
| Código del tipo de soporte |
cr |
| 502 ## - NOTA DE TESIS |
| Tipo de título |
(Ingeniero Agroindustrial) -- |
| Nombre de la institución que otorga el título |
Departamento de Ingeniería Agroindustrial, |
| Año de obtención del título |
2012. |
| 520 ## - SUMARIO, ETC. |
| Sumario, etc. |
En el presente trabajo se desarrolla un estudio de factibilidad técnico-económico para el establecimiento de una industria Atolera de trigo integral, que ayudará al aprovechamiento de la materia prima, creando fuentes de empleo, mejorando el ingreso de los productores y contribuyendo en el crecimiento del municipio. El municipio de Jilotepec, Estado de México es un lugar apropiado, ya que reúne las condiciones necesarias en cuanto a abasto de materia prima, vías de comunicación y cercanía con el Distrito Federal. La inversión total requerida para llevar acabo dicho proyecto es de $ 37, 594, 231.30 con una aportación de los socios de $10,478,166.14 y un financiamiento del $21,423,565.17 y la aportación de dependencias gubernamentales como son FONAES, FAPPA-PROMUSAG y PYMES de $5,692,500.00. Los resultados obtenidos de este estudio muestran que el proyecto es viable técnica y económicamente. Presentando una Tasa de Rentabilidad para la empresa de 68 % y 40 % para el proyecto, los cuales son superior a la TREMA de 14.17 %. El proyecto además presenta un Valor Actual Neto de $ 76, 187, 341.00, y una Relación Beneficio Costo B/C de 2.5, confirmando la rentabilidad del proyecto |
| 650 14 - PUNTO DE ACCESO ADICIONAL DE MATERIA--TÉRMINO DE MATERIA |
| Término de materia o nombre geográfico como elemento de entrada |
Estudios de factibilidad. |
| 9 (RLIN) |
38520 |
| 650 14 - PUNTO DE ACCESO ADICIONAL DE MATERIA--TÉRMINO DE MATERIA |
| Término de materia o nombre geográfico como elemento de entrada |
Industrias agrícolas. |
| 9 (RLIN) |
57925 |
| 650 14 - PUNTO DE ACCESO ADICIONAL DE MATERIA--TÉRMINO DE MATERIA |
| Término de materia o nombre geográfico como elemento de entrada |
Trigo |
| Subdivisión general |
Industria. |
| 9 (RLIN) |
115042 |
| 650 14 - PUNTO DE ACCESO ADICIONAL DE MATERIA--TÉRMINO DE MATERIA |
| Término de materia o nombre geográfico como elemento de entrada |
Trigo |
| Subdivisión general |
Procesado. |
| 9 (RLIN) |
115081 |
| 650 14 - PUNTO DE ACCESO ADICIONAL DE MATERIA--TÉRMINO DE MATERIA |
| Término de materia o nombre geográfico como elemento de entrada |
Trigo |
| Subdivisión general |
Subproductos. |
| 9 (RLIN) |
115105 |
| 700 1# - PUNTO DE ACCESO ADICIONAL--NOMBRE DE PERSONA |
| Nombre de persona |
Pérez Herrera, Patricia |
| 9 (RLIN) |
149075 |
| Término indicativo de función/relación |
Director de tesis. |
| 856 ## - LOCALIZACIÓN Y ACCESO ELECTRÓNICOS |
| Identificador Uniforme del Recurso |
http://10.13.5.2/tesis/108526.pdf |
| Nota pública |
DESCARGAR PDF |
| 942 ## - ELEMENTOS DE PUNTO DE ACCESO ADICIONAL (KOHA) |
| Fuente del sistema de clasificación o colocación |
Clasificación Univerdidad Autónoma Chapingo |
| Tipo de ítem Koha |
Tesis digital |
| 590 ## - NOTA LOCAL (RLIN) |
| Nota local |
BATCH-UPD |
| Procedencia (VM) [OBSOLETO] |
10 |
| Condición del los carretes individuales (VM) [OBSOLETO] |
20140324 |
| 590 ## - NOTA LOCAL (RLIN) |
| Nota local |
BATCH-UPD |
| Procedencia (VM) [OBSOLETO] |
10 |
| Condición del los carretes individuales (VM) [OBSOLETO] |
20141002 |
| 590 ## - NOTA LOCAL (RLIN) |
| Nota local |
E11695DGD |
| Procedencia (VM) [OBSOLETO] |
10 |
| Condición del los carretes individuales (VM) [OBSOLETO] |
20140227 |
| 590 ## - NOTA LOCAL (RLIN) |
| Nota local |
E11695DGD |
| Procedencia (VM) [OBSOLETO] |
10 |
| Condición del los carretes individuales (VM) [OBSOLETO] |
20160504 |
| 590 ## - NOTA LOCAL (RLIN) |
| Nota local |
E6096MTM |
| Procedencia (VM) [OBSOLETO] |
05 |
| Condición del los carretes individuales (VM) [OBSOLETO] |
20140220 |
| 901 ## - ELEMENTOS DE DATOS A LOCAL LDA (RLIN) |
| a |
BK |